| 000 | 00648nam a22001937a 4500 | ||
|---|---|---|---|
| 003 | OSt | ||
| 005 | 20251023065612.0 | ||
| 008 | 250619b |||||||| |||| 00| 0 eng d | ||
| 020 | _a978-621-427-186-3 | ||
| 040 |
_aDWCL - Main lib _cOC |
||
| 082 | _aFil. 425 M296 2024 | ||
| 100 | _aMañas, Jonathan | ||
| 245 |
_aTeaching and assessment of grammar/ _cJonathan Mañas |
||
| 260 |
_aIntramuros, Manila: _bUnlimited Books Library Services & Publishing Inc., _cc2024 |
||
| 300 |
_ax, 287 pages: _b illustrations; _c 25 cm. |
||
| 504 | _aIncludes bibliographical references. | ||
| 650 | _a1. Assessment of grammar. | ||
| 942 |
_2ddc _cBK - FIL _kFil. _n0 |
||
| 999 |
_c3172 _d3172 |
||